[Event "Young Stars of the World 2008"]
[Site " Kirishi RUS"]
[Date "2008.11.19"]
[Round "4.6"]
[White "Giri, Anish"]
[Black "Kovalev, Vladislav"]
[Result "1/2-1/2"]
[WhiteElo "2466"]
[BlackElo "2318"]
[PlyCount "153"]
[EventDate "2008.??.??"]
[EventRounds "11"]
[EventCountry "RUS"]
[Source "lmi"]
[SourceDate "2008.11.15"]

1. e4 e5 2. Nf3 Nc6 3. Bb5 a6 4. Ba4 Nf6 5. O-O Be7 6. Re1 b5 7. Bb3 d6 8. c3
O-O 9. h3 Nb8 10. d4 Nbd7 11. Nbd2 Bb7 12. Bc2 Re8 13. Nf1 Bf8 14. Ng3 g6 15.
a4 c5 16. d5 c4 17. Bg5 h6 18. Be3 Nc5 19. Qd2 h5 20. Bg5 Be7 21. Ra3 Rb8 22.
Bh6 Nh7 23. Be3 Qc7 24. Qe2 Bc8 25. axb5 axb5 26. Rea1 Rb7 27. Kh2 Bd7 28. Nf1
Nf6 29. N1d2 Bf8 30. Kh1 Bg7 31. Qd1 Reb8 32. R3a2 b4 33. cxb4 Rxb4 34. Ra7 Qc8
35. Kg1 Nd3 36. Bxd3 cxd3 37. Rc1 Qe8 38. b3 R8b7 39. Rxb7 Rxb7 40. Ne1 Bb5 41.
Rc3 Kh7 42. Qc1 h4 43. Nxd3 Nh5 44. Nf3 Bf6 45. Bg5 Qe7 46. Qe3 Bxg5 47. Qxg5
Qxg5 48. Nxg5+ Kh6 49. Nf3 f5 50. Nd2 Bxd3 51. Rxd3 Nf4 52. Re3 fxe4 53. Nxe4
Rb6 54. Rc3 Ne2+ 55. Kf1 Nxc3 56. Nxc3 Rxb3 57. Ne4 Rd3 58. Nxd6 Rxd5 59. Ne4
g5 60. g3 Rd4 61. f3 hxg3 62. Kg2 Kg6 63. Kxg3 Kf5 64. Nf2 Ra4 65. Kg2 Ra3 66.
Kg3 Rb3 67. Ne4 Rd3 68. Nf2 Rd4 69. Ng4 Ke6 70. Nf2 Kd5 71. Ng4 Rf4 72. Nf2 Kd4
73. Ng4 Rf5 74. Nh6 Rf6 75. Ng4 Ra6 76. Nf2 Ra3 77. Ne4 1/2-1/2

[Event "Young Stars of the World 2008"]
[Site " Kirishi RUS"]
[Date "2008.11.20"]
[Round "5.1"]
[White "Kovalev, Vladislav"]
[Black "Lintchevski, Daniil"]
[Result "0-1"]
[WhiteElo "2318"]
[BlackElo "2502"]
[PlyCount "77"]
[EventDate "2008.??.??"]
[EventRounds "11"]
[EventCountry "RUS"]
[Source "lmi"]
[SourceDate "2008.11.15"]

1. e4 c6 2. d4 d5 3. Nc3 dxe4 4. Nxe4 Bf5 5. Ng3 Bg6 6. h4 h6 7. Nf3 Nd7 8. h5
Bh7 9. Bd3 Bxd3 10. Qxd3 e6 11. Bf4 Qa5+ 12. Bd2 Qc7 13. O-O-O Ngf6 14. Qe2 Bd6
15. Nf5 O-O 16. Nxd6 Qxd6 17. Ne5 Rad8 18. Kb1 c5 19. g4 cxd4 20. f4 Nd5 21. g5
hxg5 22. Nxd7 Rxd7 23. fxg5 e5 24. g6 Nf4 25. Bxf4 exf4 26. Qd3 Qf6 27. Rdg1
Rd6 28. Qh3 f3 29. Rf1 d3 30. cxd3 Rxd3 31. h6 Qxg6 32. Ka1 Qxh6 33. Qg4 Rfd8
34. a3 Qf6 35. Qh5 g6 36. Qh7+ Kf8 37. Kb1 Rd2 38. Qh6+ Qg7 39. Rxf3 0-1

[Event "Young Stars of the World 2008"]
[Site " Kirishi RUS"]
[Date "2008.11.20"]
[Round "5.2"]
[White "Firat, Burak"]
[Black "Giri, Anish"]
[Result "1/2-1/2"]
[WhiteElo "2237"]
[BlackElo "2466"]
[PlyCount "126"]
[EventDate "2008.??.??"]
[EventRounds "11"]
[EventCountry "RUS"]
[Source "lmi"]
[SourceDate "2008.11.15"]

1. e4 c6 2. d4 d5 3. Nc3 dxe4 4. Nxe4 Bf5 5. Ng3 Bg6 6. h4 h6 7. Nf3 Nd7 8. h5
Bh7 9. Bd3 Bxd3 10. Qxd3 e6 11. Bf4 Qa5+ 12. Bd2 Bb4 13. Ne4 Ngf6 14. Nd6+ Ke7
15. Nc4 Bxd2+ 16. Nfxd2 Qc7 17. O-O-O Rhc8 18. Rhe1 Kf8 19. Ne5 c5 20. Nxd7+
Qxd7 21. Ne4 cxd4 22. Nxf6 gxf6 23. Qxd4 Qxd4 24. Rxd4 Ke7 25. Red1 Rc7 26. Rg4
Rac8 27. c3 Rc5 28. Rgd4 R8c7 29. g4 Rc4 30. f3 b5 31. Kc2 e5 32. Rxc4 Rxc4 33.
Kd3 Ke6 34. Ke3 b4 35. cxb4 Rxb4 36. b3 a5 37. Rc1 Rb6 38. Rc4 f5 39. gxf5+
Kxf5 40. Rc5 a4 41. bxa4 Rb2 42. f4 Rxa2 43. fxe5 Rxa4 44. e6+ Kxe6 45. Rc6+
Ke5 46. Rxh6 Ra3+ 47. Kf2 f5 48. Rb6 Kf4 49. Rb4+ Kg5 50. Rb5 Kg4 51. h6 Ra2+
52. Kg1 Ra1+ 53. Kh2 Ra6 54. Kg2 Rxh6 55. Rb4+ f4 56. Rb8 Re6 57. Rg8+ Kf5 58.
Kf3 Re3+ 59. Kf2 Re5 60. Kf3 Re3+ 61. Kf2 Ke4 62. Re8+ Kd3 63. Rd8+ Ke4 1/2-1/2

[Event "Young Stars of the World 2008"]
[Site " Kirishi RUS"]
[Date "2008.11.20"]
[Round "5.3"]
[White "Aghasaryan, Robert"]
[Black "Bukavshin, Ivan"]
[Result "0-1"]
[WhiteElo "2236"]
[BlackElo "2376"]
[PlyCount "62"]
[EventDate "2008.??.??"]
[EventRounds "11"]
[EventCountry "RUS"]
[Source "lmi"]
[SourceDate "2008.11.15"]

1. d4 Nf6 2. c4 e6 3. Nc3 Bb4 4. Qc2 O-O 5. e4 Bxc3+ 6. bxc3 d6 7. Nf3 e5 8.
Bd3 Nc6 9. Be3 Qe7 10. d5 Na5 11. O-O b6 12. h3 Nh5 13. Qe2 Qf6 14. Kh2 Nf4 15.
Bxf4 Qxf4+ 16. g3 Qh6 17. Nh4 Bd7 18. Nf5 Qf6 19. Ne3 Rae8 20. Kg2 c6 21. Rac1
Nb7 22. Nc2 Nc5 23. Nb4 cxd5 24. cxd5 Qh6 25. h4 g6 26. Nc6 f5 27. exf5 gxf5
28. f3 Kh8 29. Rh1 Rg8 30. Kf2 e4 31. Bb5 exf3 0-1

[Event "Young Stars of the World 2008"]
[Site " Kirishi RUS"]
[Date "2008.11.20"]
[Round "5.5"]
[White "Swiercz, Dariusz"]
[Black "Ganichev, Alexander"]
[Result "1-0"]
[WhiteElo "2478"]
[BlackElo "2148"]
[PlyCount "53"]
[EventDate "2008.??.??"]
[EventRounds "11"]
[EventCountry "RUS"]
[Source "lmi"]
[SourceDate "2008.11.15"]

1. e4 c5 2. Nf3 e6 3. d4 cxd4 4. Nxd4 Nf6 5. Nc3 d6 6. g4 Nc6 7. g5 Nd7 8. h4
Nb6 9. Be3 d5 10. Bb5 Bd7 11. exd5 exd5 12. Qe2 Be7 13. O-O-O O-O 14. Kb1 Bb4
15. Na4 Qe7 16. Nxb6 axb6 17. Nb3 Ne5 18. Bf4 Ng6 19. Bc1 Qd6 20. Bxd7 Qxd7 21.
h5 Ne7 22. a3 Bd6 23. Qd3 b5 24. h6 g6 25. Qc3 Nf5 26. Rxd5 b4 27. Qf6 1-0

[Event "Young Stars of the World 2008"]
[Site " Kirishi RUS"]
[Date "2008.11.20"]
[Round "5.6"]
[White "Shimanov, Aleksandr"]
[Black "Paikidze, Nazi"]
[Result "1-0"]
[WhiteElo "2476"]
[BlackElo "2292"]
[PlyCount "73"]
[EventDate "2008.??.??"]
[EventRounds "11"]
[EventCountry "RUS"]
[Source "lmi"]
[SourceDate "2008.11.15"]

1. d4 d5 2. c4 c6 3. Nf3 Nf6 4. Nc3 e6 5. Bg5 h6 6. Bxf6 Qxf6 7. e3 Nd7 8. Bd3
dxc4 9. Bxc4 g6 10. O-O Qe7 11. e4 Bg7 12. e5 O-O 13. Re1 Rd8 14. Bd3 b6 15.
Qe2 a5 16. Rac1 Bb7 17. Be4 Ba6 18. Qe3 Rac8 19. Bb1 Bb7 20. Be4 Ba6 21. h4 c5
22. d5 Nxe5 23. Nxe5 Bxe5 24. dxe6 Bd4 25. Qxh6 Qxe6 26. Bb7 Qf5 27. Bxa6 Ra8
28. Bb7 Bxf2+ 29. Kh1 Bxe1 30. Rxe1 Re8 31. Be4 Qf2 32. Re2 Qf1+ 33. Kh2 Rad8
34. h5 Rd1 35. Nxd1 Qxe2 36. hxg6 fxg6 37. Bd5+ 1-0

[Event "Young Stars of the World 2008"]
[Site " Kirishi RUS"]
[Date "2008.11.22"]
[Round "6.1"]
[White "Lintchevski, Daniil"]
[Black "Paikidze, Nazi"]
[Result "1-0"]
[WhiteElo "2502"]
[BlackElo "2292"]
[PlyCount "111"]
[EventDate "2008.??.??"]
[EventRounds "11"]
[EventCountry "RUS"]
[Source "lmi"]
[SourceDate "2008.11.15"]

1. e4 c5 2. Nf3 d6 3. d4 cxd4 4. Nxd4 Nf6 5. Nc3 a6 6. Be2 e5 7. Nb3 Be7 8. Bg5
Be6 9. Bxf6 Bxf6 10. Qd3 Nc6 11. Nd5 O-O 12. c3 Bxd5 13. Qxd5 Qc7 14. O-O Rac8
15. Qd3 Ne7 16. Rfd1 Rfd8 17. Bg4 Rb8 18. Bf3 b5 19. g3 a5 20. a3 Bg5 21. h4
Bh6 22. Rab1 g6 23. Kg2 a4 24. Na1 f5 25. exf5 gxf5 26. Bd5+ Kh8 27. Nc2 Rf8
28. Nb4 Qb6 29. Qe2 f4 30. Be4 Rf6 31. Rf1 Rbf8 32. Bf3 Rg6 33. g4 Qd8 34. Rh1
Re6 35. Qe4 Bg7 36. Rbd1 Qe8 37. Kf1 h6 38. Ke2 Qc8 39. Kf1 Ng8 40. g5 Qc5 41.
Nd5 Ree8 42. Be2 Rf7 43. Bh5 Ref8 44. Bxf7 Rxf7 45. Rg1 Qc8 46. Rd3 Qe6 47. Ke1
Qc8 48. Kd1 Qc5 49. Rg2 Qc4 50. Qxc4 bxc4 51. Rd2 e4 52. Rg4 Be5 53. Re2 h5 54.
Rg1 Rb7 55. Kc2 Kg7 56. Rxe4 1-0

[Event "Young Stars of the World 2008"]
[Site " Kirishi RUS"]
[Date "2008.11.22"]
[Round "6.3"]
[White "Zherebukh, Yaroslav"]
[Black "Swiercz, Dariusz"]
[Result "1-0"]
[WhiteElo "2473"]
[BlackElo "2478"]
[PlyCount "161"]
[EventDate "2008.??.??"]
[EventRounds "11"]
[EventCountry "RUS"]
[Source "lmi"]
[SourceDate "2008.11.15"]

1. e4 e5 2. Nf3 Nc6 3. Bb5 a6 4. Ba4 Nf6 5. O-O Be7 6. Re1 d6 7. c3 b5 8. Bb3
O-O 9. h3 Na5 10. Bc2 d5 11. exd5 e4 12. Bxe4 Nxe4 13. Rxe4 Bb7 14. d4 Bxd5 15.
Re1 Bd6 16. Nbd2 Re8 17. Rxe8+ Qxe8 18. Nf1 Nc4 19. b3 Nb6 20. Ne3 Bb7 21. Bd2
Qe6 22. Nh4 Re8 23. Nef5 Qe2 24. Nxd6 cxd6 25. Nf5 Nc8 26. Qxe2 Rxe2 27. Rd1
Re6 28. f3 Ne7 29. Ng3 f6 30. Kf2 Kf7 31. Ne2 g5 32. Nc1 Nf5 33. Nd3 h5 34. Re1
Rxe1 35. Bxe1 Ke6 36. Ke2 a5 37. Bf2 Ba6 38. Kd2 Ne7 39. Be3 Ng6 40. d5+ Kxd5
41. Bb6 Ne5 42. Bxa5 Nxd3 43. Kxd3 h4 44. Bd8 Ke5 45. Bc7 Kd5 46. Ke3 Ke5 47.
Bb6 Bb7 48. Bd8 Bc8 49. a4 bxa4 50. bxa4 Ba6 51. a5 Bb5 52. Kf2 Ba6 53. Bb6 Kf5
54. Be3 Bb7 55. Ba7 Ba6 56. Bb6 Bb5 57. Be3 Ba6 58. Bd2 Bb5 59. Bc1 Ba6 60. g3
hxg3+ 61. Kxg3 Bb7 62. f4 Ba6 63. fxg5 fxg5 64. Be3 Bc8 65. Bb6 Ba6 66. Bc7 Ke5
67. Bd8 Kf5 68. Be7 d5 69. Kf3 Bf1 70. Kf2 Ba6 71. Ke3 d4+ 72. Kxd4 Bf1 73. Kd5
Bxh3 74. c4 g4 75. c5 g3 76. c6 Bg2+ 77. Kd6 Kg6 78. Bh4 Kf7 79. a6 Bxc6 80.
Kxc6 g2 81. Bf2 1-0

[Event "Young Stars of the World 2008"]
[Site " Kirishi RUS"]
[Date "2008.11.22"]
[Round "6.5"]
[White "Giri, Anish"]
[Black "Aghasaryan, Robert"]
[Result "1-0"]
[WhiteElo "2466"]
[BlackElo "2236"]
[PlyCount "77"]
[EventDate "2008.??.??"]
[EventRounds "11"]
[EventCountry "RUS"]
[Source "lmi"]
[SourceDate "2008.11.15"]

1. e4 c5 2. Nf3 e6 3. d4 cxd4 4. Nxd4 Nf6 5. Nc3 d6 6. Be3 Nc6 7. Bd3 Be7 8.
O-O O-O 9. Kh1 Re8 10. f4 e5 11. fxe5 Nxe5 12. Bb5 Rf8 13. Nf5 Bxf5 14. Rxf5 a6
15. Bd3 Rc8 16. Qe2 Re8 17. a4 g6 18. Rf4 d5 19. exd5 Nxd5 20. Rd4 Nxc3 21.
Rxd8 Nxe2 22. Rxe8+ Rxe8 23. Bxe2 Bf6 24. Bf2 Nc6 25. Bf3 Nd4 26. Bxb7 Nxc2 27.
Rf1 a5 28. b3 Nb4 29. h3 Rb8 30. Bf3 Nd3 31. Ba7 Rd8 32. Bb6 Rb8 33. Bxa5 Nc5
34. b4 Nb3 35. Bd5 Nxa5 36. bxa5 Bd4 37. Rxf7 Kh8 38. a6 Rb1+ 39. Kh2 1-0

[Event "Young Stars of the World 2008"]
[Site " Kirishi RUS"]
[Date "2008.11.23"]
[Round "7.1"]
[White "Firat, Burak"]
[Black "Lintchevski, Daniil"]
[Result "1-0"]
[WhiteElo "2318"]
[BlackElo "2237"]
[PlyCount "81"]
[EventDate "2008.??.??"]
[EventRounds "11"]
[EventCountry "RUS"]
[Source "lmi"]
[SourceDate "2008.11.15"]

1. e4 c5 2. Nf3 d6 3. d4 cxd4 4. Nxd4 Nf6 5. Nc3 Nc6 6. Bc4 Qb6 7. Nb3 e6 8.
Bf4 Ne5 9. Be2 a6 10. g4 h6 11. Rg1 Qc7 12. h4 b5 13. g5 hxg5 14. hxg5 Nfd7 15.
a3 Bb7 16. Be3 Rh3 17. Qd2 Nb6 18. Na5 Nbc4 19. Nxc4 Nxc4 20. Bxc4 Qxc4 21.
O-O-O a5 22. Qd3 Qxd3 23. cxd3 b4 24. Nb5 Kd7 25. Kd2 Ba6 26. Nd4 bxa3 27. bxa3
d5 28. exd5 exd5 29. g6 Bxa3 30. gxf7 Rh7 31. Rg5 Bb7 32. Rdg1 Bb4+ 33. Ke2 Rf8
34. Rxg7 Rxf7 35. R7g6 Bc5 36. Rb1 Bc8 37. Rb5 Bxd4 38. Rxd5+ Ke8 39. Rxd4 Bf5
40. Rg8+ Rf8 41. Rd8+ 1-0

[Event "Young Stars of the World 2008"]
[Site " Kirishi RUS"]
[Date "2008.11.23"]
[Round "7.2"]
[White "Aghasaryan, Robert"]
[Black "Kovalev, Vladislav"]
[Result "0-1"]
[WhiteElo "2236"]
[BlackElo "2318"]
[PlyCount "60"]
[EventDate "2008.??.??"]
[EventRounds "11"]
[EventCountry "RUS"]
[Source "lmi"]
[SourceDate "2008.11.15"]

1. d4 Nf6 2. c4 g6 3. Nc3 Bg7 4. e4 d6 5. f3 O-O 6. Nge2 Nbd7 7. Be3 c5 8. d5
Ne5 9. Ng3 e6 10. Be2 exd5 11. O-O h5 12. cxd5 Nh7 13. Qd2 a6 14. a4 Qf6 15. f4
Ng4 16. Bxg4 Bxg4 17. e5 dxe5 18. Nce4 Qh4 19. Bf2 Qd8 20. Bxc5 Re8 21. Nd6 Bf8
22. Nge4 Nf6 23. fxe5 Nxe4 24. Nxe4 Bxc5+ 25. Nxc5 Rxe5 26. h3 Rxd5 27. Qb4
Bxh3 28. Qxb7 Bf5 29. b4 Rb8 30. Qxa6 Rxb4 0-1

[Event "Young Stars of the World 2008"]
[Site " Kirishi RUS"]
[Date "2008.11.23"]
[Round "7.4"]
[White "Swiercz, Dariusz"]
[Black "Bukavshin, Ivan"]
[Result "1-0"]
[WhiteElo "2478"]
[BlackElo "2376"]
[PlyCount "71"]
[EventDate "2008.??.??"]
[EventRounds "11"]
[EventCountry "RUS"]
[Source "lmi"]
[SourceDate "2008.11.15"]

1. e4 c5 2. Nf3 e6 3. d4 cxd4 4. Nxd4 a6 5. Bd3 Bc5 6. Nb3 Be7 7. Be3 d6 8.
N1d2 Nd7 9. Qe2 Qc7 10. f4 Ngf6 11. g4 h6 12. O-O-O b5 13. Kb1 Bb7 14. g5 hxg5
15. fxg5 Nh7 16. g6 Nhf6 17. gxf7+ Kxf7 18. Nf3 Nxe4 19. Bd4 d5 20. Rhf1 Kg8
21. Bxg7 Rh7 22. Bd4 e5 23. Be3 Rf8 24. Rg1+ Kh8 25. Bxe4 dxe4 26. Ng5 Bxg5 27.
Rxg5 Bc8 28. Rdg1 Nf6 29. Bd2 Qc4 30. Qf2 Nd7 31. Qg2 b4 32. Na5 Qd5 33. Bxb4
Re8 34. Nb3 Nf6 35. Bc3 Rh5 36. Rxe5 1-0

[Event "Young Stars of the World 2008"]
[Site " Kirishi RUS"]
[Date "2008.11.23"]
[Round "7.5"]
[White "Shimanov, Aleksandr"]
[Black "Zherebukh, Yaroslav"]
[Result "1/2-1/2"]
[WhiteElo "2476"]
[BlackElo "2473"]
[PlyCount "134"]
[EventDate "2008.??.??"]
[EventRounds "11"]
[EventCountry "RUS"]
[Source "lmi"]
[SourceDate "2008.11.15"]

1. d4 Nf6 2. Nf3 e6 3. c4 b6 4. g3 Bb7 5. Bg2 Be7 6. Nc3 O-O 7. O-O Ne4 8. Bd2
f5 9. Qc2 Bf6 10. Rad1 Nxc3 11. Bxc3 Be4 12. Qc1 d6 13. Bh3 Nd7 14. Rfe1 Qe8
15. Ng5 Qh5 16. Nxe4 Qxh3 17. Ng5 Bxg5 18. Qxg5 Rf6 19. f3 Rh6 20. Kf2 Qxh2+
21. Ke3 Qh5 22. Qxh5 Rxh5 23. b4 Rh2 24. Rg1 Nf6 25. a4 Kf7 26. Kd3 g5 27. a5
b5 28. cxb5 Rb8 29. Bd2 Rxb5 30. Rc1 Ne8 31. Bxg5 Rxb4 32. Rb1 Ra4 33. Ra1 Rg2
34. Rgb1 Rxa1 35. Rxa1 Rxg3 36. Bd8 e5 37. Rc1 e4+ 38. Ke3 exf3 39. exf3 Rg2
40. Bxc7 Ra2 41. Bd8 Ke6 42. Rc8 Nf6 43. Bxf6 Kxf6 44. Rc6 Ke6 45. Ra6 Ra3+ 46.
Kf4 Rd3 47. Rxa7 Rxd4+ 48. Ke3 Ra4 49. Rxh7 Rxa5 50. Rh6+ Ke5 51. f4+ Kd5 52.
Rf6 Kc6 53. Rf7 Rd5 54. Ra7 Kb5 55. Rc7 Rc5 56. Rd7 Kc6 57. Rf7 Rd5 58. Ra7 Kc5
59. Rc7+ Kb4 60. Rc8 Kb3 61. Rc7 Rd1 62. Rf7 d5 63. Ke2 Rd4 64. Rxf5 Kc2 65.
Rf8 Rd2+ 66. Kf3 d4 67. Rc8+ Kd1 1/2-1/2

[Event "Young Stars of the World 2008"]
[Site " Kirishi RUS"]
[Date "2008.11.23"]
[Round "7.6"]
[White "Paikidze, Nazi"]
[Black "Ganichev, Alexander"]
[Result "1/2-1/2"]
[WhiteElo "2292"]
[BlackElo "2148"]
[PlyCount "99"]
[EventDate "2008.??.??"]
[EventRounds "11"]
[EventCountry "RUS"]
[Source "lmi"]
[SourceDate "2008.11.15"]

1. d4 d5 2. c4 e6 3. Nf3 Nf6 4. Nc3 c6 5. Bg5 dxc4 6. e4 b5 7. e5 h6 8. Bh4 g5
9. Nxg5 Nd5 10. Nf3 Qa5 11. Qd2 b4 12. Nxd5 cxd5 13. Be2 Rg8 14. O-O Rg4 15. h3
Re4 16. Qc2 Ba6 17. Rfd1 Qb6 18. Bf1 Nc6 19. Bf6 Bb5 20. b3 Nxd4 21. Nxd4 Rxd4
22. bxc4 dxc4 23. Rxd4 Qxd4 24. Rd1 Qc5 25. Qd2 Qc7 26. Qf4 a5 27. Qe4 Rc8 28.
Qh7 a4 29. Rd4 a3 30. Qc2 Qc6 31. Qd1 Qb6 32. Kh2 Qa5 33. Rg4 Ba4 34. Qc1 c3
35. Rg8 c2 36. Bg7 Ke7 37. Bf6+ Kd7 38. Rg3 Ke8 39. Be2 Qd5 40. Rd3 Qc5 41. Rg3
Bb5 42. Bh5 Qd4 43. Rg8 Kd7 44. Bf3 b3 45. axb3 a2 46. Bb7 Rc5 47. Rxf8 a1=Q
48. Rxf7+ Ke8 49. Re7+ Kd8 50. Rg7+ 1/2-1/2